[Event "Let's Play Chess!"]
[Site "http://www.queenalice.com/game.php?id=314821"]
[Date "2007.12.4"]
[Round "-"]
[White "CampbellMarcel"]
[Black "Piotr_Krol"]
[Result "0-1"]
[WhiteElo "1900"]
[BlackElo "1944"]

1. e4 e6 2. Nf3 d5 3. exd5 exd5 4. Be2 Nf6 5. O-O Bd6 6. Bb5+ c6 7. Re1+ Be6 8.
Ba4 O-O 9. d3 Nbd7 10. Bg5 h6 11. Bh4 Qb6 12. Bb3 Rfe8 13. Bxf6 Nxf6 14. d4 Bg4
15. Rxe8+ Rxe8 16. Nc3 Bxf3 17. gxf3 Qc7 18. Kg2 Bxh2 19. Qh1 Bd6 20. Rg1 Re6
21. Kf1 Kf8 22. Qg2 Ne8 23. Ne2 Rg6 24. Qh3 Rxg1+ 25. Nxg1 Nf6 26. c4 dxc4 27.
Bxc4 Nd5 28. Qf5 g6 29. Qh3 Kg7 30. Ne2 Nf4 31. Nxf4 Bxf4 32. b3 Qd6 33. Qc8 b5
34. Be2 Qxd4 35. Qxc6 Qa1+ 36. Kg2 Qxa2 37. Qxb5 Qb2 38. Bc4 Qf6 39. Qd7 a5 40.
Qa7 Bd2 41. Qe3 Bxe3 0-1

[Event "Let's Play Chess!"]
[Site "http://www.queenalice.com/game.php?id=314822"]
[Date "2007.12.4"]
[Round "-"]
[White "Piotr_Krol"]
[Black "CampbellMarcel"]
[Result "1-0"]
[WhiteElo "1872"]
[BlackElo "1900"]

1. d4 c5 2. dxc5 Qa5+ 3. Nc3 Qxc5 4. Qd5 e6 5. Qxc5 Bxc5 6. Bf4 a6 7. Ne4 Be7 8.
O-O-O Nf6 9. Nd6+ Bxd6 10. Bxd6 Nc6 11. f3 Nd5 12. e4 Ne3 13. Re1 Nxf1 14. Rxf1
f6 15. Ne2 Kf7 16. Rd1 b6 17. Bc7 b5 18. Rd2 Ra7 19. Bd6 Rb7 20. Rhd1 a5 21. Nd4
Nxd4 22. Rxd4 e5 23. R4d2 a4 24. Rd5 b4 25. Ra5 b3 26. Rxa4 bxc2 27. Kxc2 Rb6
28. Ra8 Rc6+ 29. Kb1 Ke6 30. Ba3 Rd8 31. Rc1 Rxc1+ 32. Kxc1 f5 33. b4 fxe4 34.
fxe4 Ke7 35. b5+ d6 36. b6 Bb7 37. Rxd8 Kxd8 38. Bxd6 1-0

[Event "Let's Play Chess!"]
[Site "http://www.queenalice.com/game.php?id=314823"]
[Date "2007.12.4"]
[Round "-"]
[White "CampbellMarcel"]
[Black "Piotr_Krol"]
[Result "1-0"]
[WhiteElo "1868"]
[BlackElo "1884"]

1. e4 e6 2. Nc3 d5 3. exd5 exd5 4. d4 Bb4 5. a3 Bxc3+ 6. bxc3 Qe7+ 7. Be2 Bg4 8.
f3 Bf5 9. Kf2 Nf6 10. Bg5 h6 11. Qb1 b6 12. Bh4 Ne4+ 13. fxe4 Qxh4+ 14. g3 Qxe4
15. Nf3 O-O 16. Bd3 Qg4 17. h3 Qh5 18. g4 Bxg4 19. hxg4 Qxg4 20. Qe1 Nc6 21. Qd2
Rae8 22. Rxh6 gxh6 23. Qxh6 f5 24. Rg1 1-0

[Event "Let's Play Chess!"]
[Site "http://www.queenalice.com/game.php?id=314824"]
[Date "2007.12.4"]
[Round "-"]
[White "Piotr_Krol"]
[Black "CampbellMarcel"]
[Result "1-0"]
[WhiteElo "1500"]
[BlackElo "1868"]

1. d4 d6 2. c4 Nd7 3. Nc3 e6 4. e4 e5 5. d5 Be7 6. Be3 Nh6 7. Bxh6 gxh6 8. b4 b6
9. Qh5 Bg5 10. h4 Nf6 11. Qe2 Bf4 12. g3 Bg4 13. Nf3 Nh5 14. gxf4 Nxf4 15. Qd1
Qf6 16. Qa4+ Ke7 17. Nh2 Bh3 18. Bxh3 Nxh3 19. Rf1 Qxh4 20. Nf3 Qg4 21. Qd1 Rhg8
22. Nd2 Qg2 23. Qf3 Qxf3 24. Nxf3 Rg2 25. Nh4 Rg7 26. Nf5+ 1-0

[Event "Challenge"]
[Site "http://www.queenalice.com/game.php?id=316592"]
[Date "2007.12.7"]
[Round "-"]
[White "CampbellMarcel"]
[Black "Piotr_Krol"]
[Result "0-1"]
[WhiteElo "1856"]
[BlackElo "1995"]

1. e4 e6 2. d4 d5 3. exd5 exd5 4. g3 Nf6 5. Bb5+ c6 6. Ba4 Ne4 7. Nc3 Qa5 8. Qe2
Be6 9. Bd2 Nxc3 10. Bxc3 Qxa4 11. f4 Be7 12. f5 Bxf5 13. b3 Qa3 14. Nf3 O-O 15.
O-O Nd7 16. Rfe1 Bb4 17. Bxb4 Qxb4 18. a3 Qd6 19. Ne5 Rae8 20. Qh5 Bxc2 21. Re2
Be4 22. Rf1 Nxe5 23. dxe5 Rxe5 24. Qh3 Bd3 0-1

[Event "Challenge"]
[Site "http://www.queenalice.com/game.php?id=316593"]
[Date "2007.12.7"]
[Round "-"]
[White "CampbellMarcel"]
[Black "Piotr_Krol"]
[Result "0-1"]
[WhiteElo "1856"]
[BlackElo "2027"]

1. Nc3 Nf6 2. d3 e6 3. e4 d5 4. exd5 exd5 5. Bf4 Bb4 6. Qe2+ Be6 7. O-O-O Bxc3
8. bxc3 O-O 9. Nf3 Re8 10. Ne5 Nbd7 11. d4 Ne4 12. Rd3 Qe7 13. f3 Qa3+ 14. Kb1
Nxc3+ 15. Rxc3 Qxc3 16. Qf2 Nb6 17. Bd3 Na4 18. Bxh7+ Kxh7 19. Qh4+ Kg8 20. Bc1
Bf5 21. Qf2 Re6 22. g4 Rb6+ 0-1

[Event "Challenge"]
[Site "http://www.queenalice.com/game.php?id=316594"]
[Date "2007.12.7"]
[Round "-"]
[White "Piotr_Krol"]
[Black "CampbellMarcel"]
[Result "1-0"]
[WhiteElo "2073"]
[BlackElo "1858"]

1. d4 d5 2. c4 Nf6 3. Nc3 c6 4. Bg5 dxc4 5. Bxf6 gxf6 6. e4 e5 7. d5 Bb4 8. dxc6
Nxc6 9. Qxd8+ Kxd8 10. Bxc4 Nd4 11. O-O-O Ke7 12. Nd5+ Kd6 13. Nxb4 Kc5 14. Bxf7
Kxb4 15. Bd5 a5 16. a3+ Kb5 17. Nf3 Bg4 18. Nxd4+ exd4 19. f3 Rac8+ 20. Kb1 Bd7
21. Rxd4 b6 22. Rhd1 Rc5 23. Rc1 Rhc8 24. Rxc5+ bxc5 25. Bc4+ 1-0

[Event "Challenge"]
[Site "http://www.queenalice.com/game.php?id=316595"]
[Date "2007.12.7"]
[Round "-"]
[White "Piotr_Krol"]
[Black "CampbellMarcel"]
[Result "1-0"]
[WhiteElo "2053"]
[BlackElo "1858"]

1. d4 e6 2. c4 Bb4+ 3. Nc3 Bxc3+ 4. bxc3 Nf6 5. Bg5 h6 6. Bh4 g5 7. Bg3 Ne4 8.
Qd3 f5 9. f3 Nxg3 10. hxg3 Qf6 11. Nh3 b6 12. Nf2 Nc6 13. e4 fxe4 14. Nxe4 Qg7
15. c5 a5 16. cxb6 cxb6 17. Nd6+ Ke7 18. Nxc8+ Raxc8 19. Be2 d5 20. O-O h5 21.
Rfe1 h4 22. f4 gxf4 23. gxf4 Rcg8 24. Bf1 Qg3 25. f5 h3 26. Rxe6+ Kd7 27. Qb5
h2+ 28. Kh1 Qc7 29. Qxd5+ 1-0

[Event "Bora mais eu"]
[Site "http://www.queenalice.com/game.php?id=317238"]
[Date "2007.12.9"]
[Round "-"]
[White "Piotr_Krol"]
[Black "Stulzer"]
[Result "0-1"]
[WhiteElo "1983"]
[BlackElo "2228"]

1. d4 d6 2. c4 c6 3. Nc3 Nf6 4. Bg5 e5 5. dxe5 dxe5 6. Qxd8+ Kxd8 7. Bxf6+ gxf6
8. O-O-O+ Kc7 9. Nf3 Be6 10. e3 Nd7 11. Be2 a5 12. a3 Rg8 13. g3 Be7 14. Nd2 Nc5
15. f4 exf4 16. exf4 Rad8 17. Nf3 Bf5 18. Rxd8 Nb3+ 19. Kd1 Rxd8+ 0-1